00547cam a2200193 4500001000800000005001700008008004100025010001700066020001500083040001800098041000800116080001600124082001600140100000600156101000800162240003100170245014100201350001100342220020320171227042355.0720412r1972 nyua e 000 0 eng  a 73165481  a0812814302 aDLCcDLCdDLC aeng a616.003 BRO00a616.003 BRO a3 aSHM00aPears medical encyclopedia04aThe Stein and Day international medical encyclopediac[by] J. A. C. Brown. Rev. by A. M. Hastin Bennett. With drawings by Margot Cooper. a$17.50